Thiền luận Q. Thượng Q.Thượng

Guardat en:
Dades bibliogràfiques
Autor principal: Daisetz Teitaro Suzuki
Format: Llibre
Idioma:Vietnamese
Publicat: Tp.HCM 1998
Etiquetes: Afegir etiqueta
Sense etiquetes, Sigues el primer a etiquetar aquest registre!
Thư viện lưu trữ: Mạng thư viện Đại học Đà Nẵng
LEADER 00654nam a2200253 4500
001 000022801
003 19250
005 20150515090540.0
008 150515s1998 viesd
020 |c 40000 
041 0 |a vie 
082 1 4 |a 294.3  |b DA-S 
100 1 |a Daisetz Teitaro Suzuki 
245 1 0 |a Thiền luận Q. Thượng  |b Q.Thượng  |c Daisetz Teitaro Suzuki ; Trúc Thiên dịch 
260 |b Tp.HCM  |c 1998 
300 |a tr.  |c cm. 
OWN |a LSP 
999 |a From the UDN01 
TYP |a Monograph 
TYP |a Printed language 
980 |a Mạng thư viện Đại học Đà Nẵng